000
00392cam a2200181ua 4500
020
_c
2.00
041
_a
hin
_h
082
_a
891.54
_b
SAV/RO
100
_a
Savitri, Devi Varma .
245
_a
Roop soundarya
260
_a
Delhi :
_b
Rajkamal Prakash ,
_c
1961.
300
_a
140 ; .
365
_a
2.00
504
_a
942
_c
BK
999
_c
4098
_d
4098